000 01388nam a2200409 c 4500
999 _c51220
_d51220
001 51220
003 ES-MaCES
005 20190410111539.0
008 190403s2019 sp 000 | spa d
017 _aM 3658-2019
_bDL
020 _a978849466767
040 _aES-MaCES
_bspa
_cES-MaCES
041 1 _aspa
_heng
100 1 _939558
_aTraister, Rebecca
245 1 0 _aBuenas & enfadadas
_b: el poder revolucionario de la ira de las mujeres
_cRebecca Traister ; trad. de Amelia Pérez de Villar
260 _aMadrid
_bCapitán Swing
_c[2019]
300 _a360 p.
_c22 cm
500 _aTraducción de: Good and mad, the revolutionary power of women's anger
541 _cCompra
650 4 _amujeres
_928657
650 4 _afeminismo
_931029
650 4 _adiscriminación por razones de sexo
_929521
650 4 _aderechos de la mujer
_927173
650 4 _aigualdad de oportunidades
_927183
650 4 _apotenciación de las mujeres
_930610
650 4 _amovimiento social
_927313
650 4 _acomportamiento
_927271
650 4 _aEstados Unidos
_928373
650 4 _aestudio de casos
_928846
650 4 _ainvestigación sociológica
_927260
650 4 _ahistoria
_927251
653 1 0 _aMujer
700 1 _938923
_aPérez de Villar, Amelia
_etr.
740 0 2 _aGood and mad, the revolutionary power of women's anger
902 _aLIB Libro
942 _2CES
_cBK
_h3.3.